Medio siglo de relaciones diplomáticas México-China : contextos, propuestas de análisis, economía, comercio y nuevas agendas /

Bibliographic Details
Other Authors: Connelly, Marisela (Editor), Jesús Escalante, Mariana de (Editor), Tzili Apango, Eduardo (Editor)
Format: Electronic eBook
Language:Spanish
Published: Ciudad de México, México : El Colegio de México, 2025.
Edition:Primera edición electrónica.
Subjects:
Online Access:Digitalia Hispánica

MARC

LEADER 00000nam a2200000Ii 4500
001 DIGCOLMX0592
003 NyNyDIG
006 m o d
007 cr |||||||||||
008 251202s2025 mx a ob 000 0 spa d
035 |a (OCoLC)1526851773 
040 |a DGITA  |b eng  |e rda  |e pn  |c DGITA 
020 |a 9786075647210  |q electrónico 
020 |z 9786075646534  |q impreso 
043 |a n-mx---  |a a-cc---  
050 1 4 |a F1228.5.C6 ebook 
245 0 0 |a Medio siglo de relaciones diplomáticas México-China :  |b contextos, propuestas de análisis, economía, comercio y nuevas agendas /  |c Marisela Connelly, Mariana de Jesús Escalante, Eduardo Tzili-Apango (coordinadores). 
250 |a Primera edición electrónica. 
264 1 |a Ciudad de México, México :  |b El Colegio de México,  |c 2025. 
300 |a 1 online resource :  |b illustrations. 
336 |a text  |b txt  |2 rdacontent 
337 |a computer file  |b c  |2 rdamedia 
338 |a online resource  |b cr  |2 rdacarrier 
347 |a text file  |2 rdaft 
347 |b EPUB 
500 |a "Centro de Estudios de Asia y África"--Cover. 
504 |a Includes bibliographical references. 
588 0 |a Online resource; title from ePub title page (Digitalia, viewed December 2, 2025) 
650 0 |a Economic development  |z Mexico. 
650 0 |a Economic development  |z China. 
651 0 |a China  |x Foreign economic relations  |z México. 
651 0 |a Mexico  |x Foreign economic relations  |z China. 
651 0 |a Mexico  |x Foreign relations  |z China  |x History  |y 20th century.  
651 0 |a China  |x Foreign relations  |z México  |x History  |y 20th century.  
651 0 |a Mexico  |x Foreign relations  |z China  |x History  |y 21st century.  
651 0 |a China  |x Foreign relations  |z México  |x History  |y 21st century.  
700 1 |a Connelly, Marisela,  |e editor. 
700 1 |a Jesús Escalante, Mariana de,  |e editor. 
700 1 |a Tzili Apango, Eduardo,  |e editor. 
776 0 8 |i Print version:  |t Medio siglo de relaciones diplomáticas México-China.  |b Primera edición impresa.  |d Ciudad de México, México : El Colegio de México, 2025  |z 9786075646534 
791 2 |a Digitalia (Firm),  |e distributor. 
793 0 |g Digitalia eBook Collection:  |a El Colegio de México 
856 4 0 |3 Digitalia Hispánica  |u https://www.digitaliapublishing.com/a/180826/ 
910 |a Premium collection: 2025